[Event "NH Chess Tournament 2008"]
[Site "Amsterdam NED"]
[Date "2008.08.30"]
[Round "10.5"]
[White "Cheparinov, Ivan"]
[Black "Ljubojevic, Ljubomir"]
[Result "1/2-1/2"]
[WhiteElo "2687"]
[BlackElo "2555"]
[PlyCount "167"]
[EventDate "2008.08.20"]
[EventType "schev"]
[EventRounds "10"]
[EventCountry "NED"]
[Source "lmi"]
[SourceDate "2008.08.20"]
[BlackTeamCountry "SUI"]

1. e4 e6 2. d4 d5 3. Nc3 dxe4 4. Nxe4 Nd7 5. Nf3 Ngf6 6. Bd3 Nxe4 7. Bxe4 Nf6
8. Bg5 Be7 9. Bd3 c5 10. dxc5 Qa5+ 11. c3 Qxc5 12. Qe2 a6 13. O-O-O b5 14. Kb1
Bb7 15. Be3 Qc7 16. Bd4 Rd8 17. Rhe1 Bd5 18. Ne5 O-O 19. Qe3 Rc8 20. Qh3 g6 21.
Qh6 Bc5 22. Bc2 Rcd8 23. Qh4 Bxd4 24. Rxd4 Kg7 25. Rf4 Qe7 26. g4 Bb7 27. g5
Nh5 28. Rd4 f6 29. gxf6+ Qxf6 30. Qxf6+ Nxf6 31. Rxd8 Rxd8 32. Nd3 Rd6 33. Nc5
Bd5 34. Bb3 Kf7 35. Kc2 Nd7 36. Nd3 Kf6 37. Re3 e5 38. f3 Kf5 39. Bxd5 Rxd5 40.
b3 g5 41. c4 bxc4 42. bxc4 Rd6 43. Kc3 Re6 44. c5 h5 45. Re1 Nb8 46. Nb4 a5 47.
Nd5 Nc6 48. Kc4 Nd4 49. Re3 Rh6 50. Nb6 Ke6 51. Nd5 Kf5 52. Nc3 Rh7 53. Ne2 Nc6
54. Re4 Ke6 55. Kb5 Kd7 56. Re3 Rh8 57. Rd3+ Kc7 58. Kc4 Rf8 59. Re3 Rd8 60.
Rd3 Rf8 61. Rd6 Rxf3 62. Rh6 Rh3 63. Rh7+ Kd8 64. Nc3 Ne7 65. Ne4 Rh4 66. Kd3
g4 67. Nf6 Rxh2 68. Rh8+ Kc7 69. Rh7 Kd8 70. Rh8+ Kc7 71. Rh7 Kd8 72. Rh8+ Kc7
73. Rh7 Kd8 74. Rh8+ Kc7 75. Rh7 Kd8 76. Rh8+ Kc7 77. Rh7 Kd8 78. Rh8+ Kc7 79.
Rh7 Kd8 80. Rh8+ Kc7 81. Rh7 Kd8 82. Rh8+ Kc7 83. Rh7 Kd8 84. Rh8+ 1/2-1/2